[Event "SVK-chT2C 2223"]
[Site "Slovakia"]
[Date "2023.03.25"]
[Round "10.8"]
[White "Mikulec, Martin"]
[Black "Simo, Lubomir"]
[Result "1/2-1/2"]
[WhiteElo "1881"]
[BlackElo "1819"]
[PlyCount "79"]
[EventDate "2022.10.08"]
[EventType "team-tourn"]
[EventRounds "11"]
[EventCountry "SVK"]
[SourceTitle "EXT 2024"]
[Source "ChessBase"]
[SourceDate "2023.10.10"]
[SourceVersion "1"]
[SourceVersionDate "2023.10.10"]
[SourceQuality "1"]
[WhiteTeam "Banska Bystrica Kurta"]
[BlackTeam "Dunajov Martin III"]
[WhiteTeamCountry "SVK"]
[BlackTeamCountry "SVK"]

1. e4 c5 2. Nf3 g6 3. d4 cxd4 4. Nxd4 Nc6 5. Bc4 Bg7 6. c3 Nf6 7. Qe2 d5 8. Nxc6 bxc6 9. exd5 cxd5 10. Bb5+ Bd7 11. 0-0 0-0 12. Rd1 Bxb5 13. Qxb5 Rb8 14. Qe2 Qc7 15. Nd2 Rfd8 16. Nb3 Ne4 17. Be3 a5 18. f3 Nf6 19. Nc5 Qe5 20. Nd3 Qf5 21. Bd4 e6 22. Ne5 Rdc8 23. Qd2 Qh5 24. Re1 Rb7 25. h3 Qh4 26. Re2 Ne8 27. Kh2 Nd6 28. g3 Qd8 29. b3 a4 30. Rb1 Qc7 31. Rb2 axb3 32. Rxb3 Rxb3 33. axb3 Nb5 34. Qd3 Nxd4 35. cxd4 Bxe5 36. dxe5 Qc3 37. Qa6 d4 38. f4 d3 39. Rg2 d2 40. Qd6 1/2-1/2

[Event "SVK-chT2C 2223"]
[Site "Slovakia"]
[Date "2022.11.12"]
[Round "3.7"]
[White "Mikulec, Martin"]
[Black "Carnecka, Stella"]
[Result "1-0"]
[WhiteElo "1887"]
[BlackElo "1694"]
[PlyCount "83"]
[EventDate "2022.10.08"]
[EventType "team-tourn"]
[EventRounds "11"]
[EventCountry "SVK"]
[SourceTitle "EXT 2024"]
[Source "ChessBase"]
[SourceDate "2023.10.10"]
[SourceVersion "1"]
[SourceVersionDate "2023.10.10"]
[SourceQuality "1"]
[WhiteTeam "Banska Bystrica Kurta"]
[BlackTeam "Zilina Mladost III"]
[WhiteTeamCountry "SVK"]
[BlackTeamCountry "SVK"]

1. e4 c5 2. Nf3 Nc6 3. Bb5 g6 4. 0-0 Bg7 5. c3 a6 6. Ba4 b5 7. Bc2 e6 8. d4 cxd4 9. cxd4 Nge7 10. d5 Na5 11. Nbd2 0-0 12. Rb1 exd5 13. b4 Nac6 14. exd5 Nxd5 15. Ne4 Ndxb4 16. Bb3 d5 17. Ng3 Ne7 18. a3 Nbc6 19. Bg5 Be6 20. Re1 Qd7 21. Be3 Nf5 22. Bf4 Nxg3 23. Bxg3 Bc3 24. Re3 d4 25. Bxe6 fxe6 26. Rxc3 Rad8 27. Rd3 e5 28. Nxe5 Nxe5 29. Bxe5 Qf5 30. Qb3+ Qf7 31. Qxf7+ Rxf7 32. Bxd4 Rfd7 33. Rbd1 Kf7 34. R3d2 Ke6 35. Bc3 Rxd2 36. Rxd2 Rc8 37. Re2+ Kd5 38. Bb4 Rc1+ 39. Re1 Rc2 40. g3 Kc4 41. Re7 Ra2 42. Ra7 1-0

[Event "SVK-chT2C 2122"]
[Site "Slovakia"]
[Date "2022.02.06"]
[Round "4.7"]
[White "Mikulec, Martin"]
[Black "Cernekova, Martina"]
[Result "1-0"]
[WhiteElo "1871"]
[BlackElo "1714"]
[PlyCount "141"]
[EventDate "2021.10.16"]
[EventType "team-tourn"]
[EventRounds "11"]
[EventCountry "SVK"]
[SourceTitle "EXT 2023"]
[Source "ChessBase"]
[SourceDate "2022.10.05"]
[SourceVersion "1"]
[SourceVersionDate "2022.10.05"]
[SourceQuality "1"]
[WhiteTeam "Banska Bystrica Kurta"]
[BlackTeam "Martin Medea"]
[WhiteTeamCountry "SVK"]
[BlackTeamCountry "SVK"]

1. e4 c5 2. Nf3 Nc6 3. Bb5 g6 4. c3 Bg7 5. 0-0 a6 6. Ba4 e5 7. d3 Nge7 8. Be3 d6 9. Bb3 0-0 10. Nbd2 h6 11. a4 Bd7 12. Qc1 Bg4 13. h3 Bxf3 14. Nxf3 Kh7 15. Nd2 f5 16. exf5 Nxf5 17. Ne4 Nxe3 18. Qxe3 b6 19. Bd5 Rc8 20. Rac1 Ne7 21. Bb7 Rc7 22. Bxa6 Nf5 23. Qe2 d5 24. Nd2 Re7 25. Rcd1 Nd6 26. c4 d4 27. Ne4 Nxe4 28. Qxe4 Qa8 29. Qxa8 Rxa8 30. Bb5 g5 31. Rde1 Raa7 32. Re4 Kg6 33. Rfe1 Bf6 34. b3 h5 35. g3 Kf7 36. Kg2 Ke6 37. f4 Kd6 38. fxg5 Bxg5 39. h4 Be3 40. Kh3 Rg7 41. Rf1 Raf7 42. Rxf7 Rxf7 43. Be8 Rh7 44. g4 hxg4+ 45. Rxg4 Rh6 46. Bg6 Ke6 47. h5 Kf6 48. Rg3 Bf4 49. Rg2 Rh8 50. Kg4 Rg8 51. Kf3 Ke7 52. Ke4 Kd6 53. Ra2 Ra8 54. Kf5 Rf8+ 55. Kg4 Ra8 56. Be4 Rg8+ 57. Kh4 Bg5+ 58. Kh3 Rg7 59. a5 bxa5 60. Rxa5 Rg8 61. h6 Bf6 62. h7 Rb8 63. Ra6+ Ke7 64. Kg4 Kf7 65. Kf5 Bh8 66. Ra7+ Kf8 67. Ke6 Re8+ 68. Kd6 Rb8 69. Kxc5 Rxb3 70. Ra8+ Kg7 71. Rg8+ 1-0

[Event "SVK-chT2C 1920"]
[Site "Slovakia"]
[Date "2019.12.14"]
[Round "5.7"]
[White "Mikulec, Martin"]
[Black "Zelnicky, Marek"]
[Result "1-0"]
[WhiteElo "1861"]
[BlackElo "1784"]
[PlyCount "27"]
[EventDate "2019.10.26"]
[EventType "team-tourn"]
[EventRounds "11"]
[EventCountry "SVK"]
[SourceTitle "CBM 194 Extra"]
[Source "ChessBase"]
[SourceDate "2020.03.31"]
[SourceVersion "1"]
[SourceVersionDate "2020.03.31"]
[SourceQuality "1"]
[WhiteTeam "Banska Bystrica Veza"]
[BlackTeam "Ruzomberok Montana"]
[WhiteTeamCountry "SVK"]
[BlackTeamCountry "SVK"]

1. e4 e5 2. Nf3 Nc6 3. c3 Nf6 4. d4 exd4 5. e5 Ng8 6. cxd4 d6 7. Bb5 Bd7 8. 0-0 Nxe5 9. Nxe5 Bxb5 10. Qb3 dxe5 11. Qxb5+ c6 12. Qxb7 exd4 13. Qxc6+ Qd7 14. Qxa8+ 1-0

[Event "SVK-chT2C 1516"]
[Site "Slovakia"]
[Date "2016.02.14"]
[Round "9.6"]
[White "Mikulec, Martin"]
[Black "Adamciak, Tomas"]
[Result "1/2-1/2"]
[WhiteElo "1818"]
[BlackElo "1982"]
[PlyCount "55"]
[EventDate "2015.10.17"]
[EventType "team-tourn"]
[EventRounds "11"]
[EventCountry "SVK"]
[SourceTitle "EXT 2017"]
[Source "ChessBase"]
[SourceDate "2016.10.25"]
[SourceVersion "1"]
[SourceVersionDate "2016.10.25"]
[SourceQuality "1"]
[WhiteTeam "Banska Bystrica Veza"]
[BlackTeam "Liptov Chess School III"]
[WhiteTeamCountry "SVK"]
[BlackTeamCountry "SVK"]

1. e4 c5 2. Nf3 e6 3. d4 cxd4 4. Nxd4 Nc6 5. Nc3 Qc7 6. a3 Nf6 7. g3 a6 8. Bg2 b5 9. 0-0 Bb7 10. Re1 Nxd4 11. Qxd4 Bc5 12. Qd3 Ng4 13. Nd1 0-0 14. Be3 Nxe3 15. Nxe3 Rac8 16. c3 Rfd8 17. Rad1 d6 18. Rd2 Qb6 19. b4 Bxe3 20. Rxe3 Rc4 21. Bf1 d5 22. exd5 Rxd5 23. Qc2 Qc6 24. f3 Qb6 25. Kf2 Rc8 26. Rxd5 exd5 27. Qd2 Kf8 28. Qd4 1/2-1/2

[Event "SVK-chT2C 1314"]
[Site "Slovakia"]
[Date "2014.03.15"]
[Round "10.8"]
[White "Mikulec, Martin"]
[Black "Piecka, Juraj"]
[Result "1-0"]
[WhiteElo "1711"]
[BlackElo "1794"]
[PlyCount "76"]
[EventDate "2013.10.19"]
[EventType "team-tourn"]
[EventRounds "11"]
[EventCountry "SVK"]
[SourceTitle "EXT 2015"]
[Source "ChessBase"]
[SourceDate "2014.11.20"]
[SourceVersion "1"]
[SourceVersionDate "2014.11.20"]
[SourceQuality "1"]
[WhiteTeam "Banska Bystrica Veza"]
[BlackTeam "Liptovska Stiavnica"]
[WhiteTeamCountry "SVK"]
[BlackTeamCountry "SVK"]

1. e4 d5 2. exd5 Nf6 3. Nf3 Nxd5 4. d3 Bg4 5. h3 Bh5 6. Be2 e6 7. 0-0 Be7 8. c4 Nb6 9. Be3 0-0 10. Qc2 N8d7 11. Nc3 c6 12. a3 Bg6 13. Na4 Nxc4 14. Qxc4 b5 15. Qxc6 bxa4 16. Qxa4 Bc5 17. d4 Bb6 18. Rac1 h6 19. Bb5 Nf6 20. Bc6 Rb8 21. Ne5 Be4 22. Bxe4 Nxe4 23. Nd7 Qe7 24. Nxf8 Qxf8 25. Rc6 Qe7 26. Qc2 Nf6 27. Rc8+ Rxc8 28. Qxc8+ Kh7 29. Qc2+ Kg8 30. Rc1 g5 31. Qe2 Qd6 32. Qf3 Nh7 33. Qc6 Qe7 34. Qe4 Nf6 35. Qe5 Nd5 36. Rc8+ Kh7 37. Rh8+ Kg6 38. Rg8+ Kh5 1-0